<?xml version="1.0" encoding="UTF-8"?><?xml-stylesheet type="text/xsl" href="static/style.xsl"?><OAI-PMH xmlns="http://www.openarchives.org/OAI/2.0/" xmlns:xsi="http://www.w3.org/2001/XMLSchema-instance" xsi:schemaLocation="http://www.openarchives.org/OAI/2.0/ http://www.openarchives.org/OAI/2.0/OAI-PMH.xsd"><responseDate>2026-04-17T02:13:57Z</responseDate><request verb="GetRecord" identifier="oai:www.recercat.cat:2117/442544" metadataPrefix="marc">https://recercat.cat/oai/request</request><GetRecord><record><header><identifier>oai:recercat.cat:2117/442544</identifier><datestamp>2025-09-27T21:12:17Z</datestamp><setSpec>com_2072_1033</setSpec><setSpec>col_2072_452951</setSpec></header><metadata><record xmlns="http://www.loc.gov/MARC21/slim" xmlns:dcterms="http://purl.org/dc/terms/" xmlns:xsi="http://www.w3.org/2001/XMLSchema-instance" xmlns:doc="http://www.lyncode.com/xoai" xsi:schemaLocation="http://www.loc.gov/MARC21/slim http://www.loc.gov/standards/marcxml/schema/MARC21slim.xsd">
   <leader>00925njm 22002777a 4500</leader>
   <datafield ind2=" " ind1=" " tag="042">
      <subfield code="a">dc</subfield>
   </datafield>
   <datafield ind2=" " ind1=" " tag="720">
      <subfield code="a">Romera Martín, Paula</subfield>
      <subfield code="e">author</subfield>
   </datafield>
   <datafield ind2=" " ind1=" " tag="260">
      <subfield code="c">2025-07-14</subfield>
   </datafield>
   <datafield ind2=" " ind1=" " tag="520">
      <subfield code="a">Este proyecto tiene como objetivo el desarrollo e implementación de una nueva unidad de demostración para el control de bombas inteligentes (IPC), destinada al departamento de Marketing y Ventas de Drives and Controls. Su finalidad principal es apoyar la comercialización de estos productos y proporcionar una herramienta eficaz de formación tanto para clientes como para personal técnico, facilitando así la comprensión y difusión de las capacidades y beneficios del sistema. A diferencia de versiones anteriores, esta unidad incorpora mejoras significativas en su diseño y funcionalidad, desarrollándose una estructura más compacta, robusta y fácilmente transportable. Esta solución resuelve las limitaciones de movilidad que presentaban los modelos anteriores debido a su tamaño y configuración, permitiendo que la nueva unidad pueda ser trasladada y utilizada en distintos entornos y eventos con mayor facilidad. El modelo desarrollado incluye funcionalidades para el control de frecuencia y presión de bombas, así como otras funciones avanzadas, como la gestión de frecuencias críticas, la limpieza de bombas y el modo de bajo ruido. Entre las principales novedades destaca la incorporación de una función de control de nivel, integrada de forma intuitiva mediante una interfaz gráfica que facilita su visualización y comprensión por parte del usuario. Todas estas funcionalidades se ejecutan mediante el uso de variadores de frecuencia, un PLC y una pantalla HMI. El proyecto abarca el diseño completo de la unidad, incluyendo la elaboración de planos, la programación de los equipos y su puesta en marcha. En conclusión, los resultados obtenidos han sido satisfactorios, cumpliendo plenamente con los objetivos propuestos. La unidad desarrollada representa una herramienta más eficiente y versátil, tanto para demostraciones comerciales como para sesiones formativas, contribuyendo de manera significativa a la mejora de la oferta tecnológica y el soporte al cliente</subfield>
   </datafield>
   <datafield ind1="8" ind2=" " tag="024">
      <subfield code="a">http://hdl.handle.net/2117/442544</subfield>
   </datafield>
   <datafield tag="653" ind2=" " ind1=" ">
      <subfield code="a">Àrees temàtiques de la UPC::Informàtica::Automàtica i control</subfield>
   </datafield>
   <datafield tag="653" ind2=" " ind1=" ">
      <subfield code="a">Pumping machinery</subfield>
   </datafield>
   <datafield tag="653" ind2=" " ind1=" ">
      <subfield code="a">Programmable controllers</subfield>
   </datafield>
   <datafield tag="653" ind2=" " ind1=" ">
      <subfield code="a">Intelligent control systems</subfield>
   </datafield>
   <datafield tag="653" ind2=" " ind1=" ">
      <subfield code="a">Frequency changers</subfield>
   </datafield>
   <datafield tag="653" ind2=" " ind1=" ">
      <subfield code="a">IPC</subfield>
   </datafield>
   <datafield tag="653" ind2=" " ind1=" ">
      <subfield code="a">PLC</subfield>
   </datafield>
   <datafield tag="653" ind2=" " ind1=" ">
      <subfield code="a">Variador de frecuencia</subfield>
   </datafield>
   <datafield tag="653" ind2=" " ind1=" ">
      <subfield code="a">Control inteligente</subfield>
   </datafield>
   <datafield tag="653" ind2=" " ind1=" ">
      <subfield code="a">Bomba</subfield>
   </datafield>
   <datafield tag="653" ind2=" " ind1=" ">
      <subfield code="a">HMI</subfield>
   </datafield>
   <datafield tag="653" ind2=" " ind1=" ">
      <subfield code="a">Maquinària de bombament</subfield>
   </datafield>
   <datafield tag="653" ind2=" " ind1=" ">
      <subfield code="a">Controladors programables</subfield>
   </datafield>
   <datafield tag="653" ind2=" " ind1=" ">
      <subfield code="a">Control intel·ligent</subfield>
   </datafield>
   <datafield tag="653" ind2=" " ind1=" ">
      <subfield code="a">Convertidors de freqüència</subfield>
   </datafield>
   <datafield ind2="0" ind1="0" tag="245">
      <subfield code="a">Diseño y puesta en marcha de una unidad de demostración para control de bombas inteligente</subfield>
   </datafield>
</record></metadata></record></GetRecord></OAI-PMH>